000 00268nam a22001217a 4500
003 SGT
082 _a8170490820
_bI97S
100 _aSHARMA, B.N.
245 _aINDIA BETRAYED: THE ROLE OF NEHRU
260 _bMANAS PUBLICATIONS
_c1997
300 _a421
942 _2ddc
_cBK
999 _c29283
_d29283